[Event "EU-Cup 13th Group7"]
[Site "Krynica"]
[Date "1997.09.17"]
[Round "3"]
[White "Polak, Tomas"]
[Black "Kangur, Alar"]
[Result "1-0"]
[WhiteElo "2470"]
[BlackElo "2180"]
[PlyCount "99"]
[EventDate "1997.09.15"]
[EventType "team-k.o."]
[EventRounds "3"]
[EventCountry "POL"]
[SourceTitle "EXT 2020"]
[Source "ChessBase"]
[SourceDate "2019.10.17"]
[SourceVersion "1"]
[SourceVersionDate "2019.10.17"]
[SourceQuality "1"]
[WhiteTeam "Praha Dukla"]
[BlackTeam "Tallinn Reval Sport"]
[WhiteTeamCountry "CZE"]
[BlackTeamCountry "EST"]

1. d4 Nf6 2. c4 g6 3. Nc3 Bg7 4. e4 d6 5. Be2 0-0 6. Nf3 e5 7. d5 a5 8. Bg5 h6 9. Bh4 Na6 10. Nd2 Qe8 11. 0-0 Bd7 12. Kh1 Nh7 13. a3 a4 14. Nb5 Bxb5 15. cxb5 Nc5 16. f3 b6 17. Bf2 h5 18. Bxc5 dxc5 19. Nb1 Bh6 20. Nc3 Qd8 21. Nxa4 Qh4 22. g3 Qg5 23. Nc3 h4 24. f4 Qe7 25. f5 hxg3 26. hxg3 Qg5 27. Kg2 Nf6 28. Qd3 Ne8 29. Qf3 f6 30. Rh1 Qe3 31. Qg4 Qg5 32. fxg6 Qxg4 33. Bxg4 Kg7 34. Bf5 Nd6 35. g4 Rh8 36. Ne2 Bf4 37. Nxf4 exf4 38. Kf3 Nxb5 39. Kxf4 Nd6 40. g5 Nc4 41. gxf6+ Kxf6 42. Rh7 Rxh7 43. gxh7 Nxb2 44. Rg1 Nd3+ 45. Ke3 Ne5 46. Rg8 Rxa3+ 47. Kf2 Ra2+ 48. Kg3 Ra3+ 49. Kh4 Nf7 50. Rf8 1-0

[Event "EST-chT"]
[Site "Estonia"]
[Date "1996.??.??"]
[Round "?"]
[White "Kangur, Alar"]
[Black "Lauk, Ular"]
[Result "0-1"]
[WhiteElo "2180"]
[BlackElo "2325"]
[PlyCount "70"]
[EventDate "1996.??.??"]
[EventType "team"]
[EventRounds "9"]
[EventCountry "EST"]
[SourceTitle "EXT 1999"]
[Source "ChessBase"]
[SourceDate "1998.11.16"]
[SourceVersion "1"]
[SourceVersionDate "1998.11.16"]
[SourceQuality "1"]

1. e4 e5 2. Nc3 Nf6 3. f4 d5 4. fxe5 Nxe4 5. d3 Nxc3 6. bxc3 d4 7. Nf3 Nc6 8. cxd4 Nxd4 9. c3 Nxf3+ 10. Qxf3 Qh4+ 11. g3 Qg4 12. Bg2 c6 13. Rb1 Qg6 14. 0-0 Be7 15. Rb2 0-0 16. d4 Rb8 17. Qe2 Bg4 18. Qe3 Be6 19. Be4 Qh5 20. Bf3 Qg6 21. Qe2 Bd5 22. Bh5 Qe4 23. Qxe4 Bxe4 24. Rbf2 Bd5 25. Bf4 Rbd8 26. Rb2 b5 27. Be3 f6 28. exf6 Bxf6 29. Rbf2 Be7 30. Rxf8+ Rxf8 31. Rxf8+ Kxf8 32. Kf2 Bxa2 33. Bg4 Bd5 34. Ke1 a5 35. Kd2 a4 0-1

[Event "EST-chT"]
[Site "Estonia"]
[Date "1996.??.??"]
[Round "?"]
[White "Kangur, Alar"]
[Black "Maidla, Vallo"]
[Result "0-1"]
[WhiteElo "2180"]
[BlackElo "2370"]
[PlyCount "84"]
[EventDate "1996.??.??"]
[EventType "team"]
[EventRounds "9"]
[EventCountry "EST"]
[SourceTitle "EXT 1999"]
[Source "ChessBase"]
[SourceDate "1998.11.16"]
[SourceVersion "1"]
[SourceVersionDate "1998.11.16"]
[SourceQuality "1"]

1. e4 c5 2. Nf3 Nc6 3. d4 cxd4 4. Nxd4 e5 5. Nb5 d6 6. c4 Be7 7. N1c3 a6 8. Na3 Be6 9. Nc2 Bg5 10. Be2 Bxc1 11. Rxc1 Nge7 12. 0-0 0-0 13. Qd2 Ng6 14. g3 Qd7 15. Rfd1 Rad8 16. Qe3 f5 17. exf5 Bxf5 18. c5 Bxc2 19. Rxd6 Qf5 20. g4 Qc8 21. Rxc2 Nd4 22. Rc1 Nf4 23. Rxd8 Rxd8 24. b4 Qc6 25. f3 Nfxe2+ 26. Nxe2 Nxf3+ 27. Kf2 Rf8 28. Kg3 Ng5 29. Ng1 h6 30. Re1 e4 31. Kg2 Qf6 32. h4 Ne6 33. Nh3 Qxh4 34. Qxe4 Nf4+ 35. Nxf4 Qxg4+ 36. Kh2 Rxf4 37. Qe6+ Qxe6 38. Rxe6 Rxb4 39. Re7 Rb5 40. Rc7 a5 41. a4 Rb4 42. Kg3 Kh7 0-1